00338nam a22001097a 4500003000500000005001700005038001800022082001500040100001800055245012000073700003500193NUST20191014152722.0 aNusrat Nadeem a004.12 ZUN a ZAHID ZUNERA aMS/ Thesis:MOODLE AUTHENTICATOR: PROPOSED SECURITY ENHANCEMENT FOR LEARNING MANAGEMENT SYSTEM AT NUSTcZUNERA ZAHID 4Dr. Adnan Maqsood (Supervisor)